|
|
|
|
| LEADER |
00000nam a2200000 a 4500 |
| 001 |
vtls001295967 |
| 003 |
SK-MaSNL |
| 005 |
20260224063438.0 |
| 008 |
210928s1973 xx 0 und |
| 035 |
|
|
|a SNK000247791
|
| 040 |
|
|
|a SNK
|b slo
|c SNK
|e AACR2
|
| 245 |
1 |
|
|a ČSN 03 8157 Stanovení tloušťky povalaků nedestruktívními metodami
|
| 260 |
|
|
|a Praha
|b ÚNM
|c 1973
|
| 300 |
|
|
|a 5 s.
|
| 958 |
|
|
|a OND
|
| 999 |
|
|
|c 887439
|d 889369
|
| 952 |
|
|
|t P60, <04>, [BOOK], {604}
|a SNK
|b SNK
|y VYP
|7 0
|p 17A0083627
|o snkČSN 03 8157
|0 0
|1 0
|4 0
|d 1997-07-23
|l 0
|r 2005-01-02 00:00:00
|w 2026-02-24
|
| 952 |
|
|
|t P60, <04>, [BOOK], {604}
|a SNK
|b SNK
|y VYP
|7 0
|p 17A0080207
|o snkČSN 03 8157
|0 0
|1 0
|4 0
|d 1997-07-23
|l 0
|r 2005-01-02 00:00:00
|w 2026-02-24
|